[Event "EU-chT (Men)"]
[Site "Debrecen"]
[Date "1992.??.??"]
[Round "1"]
[White "Mohandesi, Shahin"]
[Black "Kuczynski, Robert"]
[Result "0-1"]
[WhiteElo "2215"]
[BlackElo "2500"]

1.d4 d5 2.Nf3 c6 3.c4 Nf6 4.Nc3 e6 5.e3 Nbd7 6.Qc2 Bd6 7.Be2 O-O 8.O-O dxc4
9.Bxc4 b5 10.Bd3 Bb7 11.e4 e5 12.Rd1 Qc7 13.h3 a6 14.Bg5 exd4 15.Nxd4 g6
16.Nf3 Rfe8 17.Rd2 Bf4 18.Bxf4 Qxf4 19.Ne2 Qc7 20.Ng3 c5 21.b3 Rac8 22.Rc1 Ne5
23.Be2 Nxf3+ 24.Bxf3 h5 25.Rcd1 Re6 26.h4 Rce8 27.Re2 Qe5 28.Re3 Qf4 29.Qxc5 Qxh4
30.Qc7 R6e7 31.Qb6 Ng4 32.Bxg4 Qxg4 33.Rd8 Bc8 34.Qd6 Qe6 35.Qxe6 Rxe6 36.Rxe8+ Rxe8
37.Rd3 Kg7 38.Rd6 h4 39.Nf1 Rxe4 40.Ne3 Re8 41.Kf1 g5 42.Ke2 f5 43.Kd3 f4
44.Nd5 f3  0-1

[Event "EU-chT (Men)"]
[Site "Debrecen"]
[Date "1992.??.??"]
[Round "2"]
[White "Cvitan, Ognjen"]
[Black "Chernin, Alexander"]
[Result "1/2-1/2"]
[WhiteElo "2505"]
[BlackElo "2620"]

1.Nf3 d5 2.c4 c6 3.e3 Nf6 4.Nc3 e6 5.d4 Nbd7 6.Bd3 dxc4 7.Bxc4 b5 8.Bd3 a6
9.e4 c5 10.e5 cxd4 11.Nxb5 Ng4 12.Nd6+ Bxd6 13.exd6 Qa5+ 14.Bd2 Qd5 15.O-O Nge5
16.Nxe5 Nxe5 17.Bf4 Bb7 18.f3 Nxd3 19.Qxd3 O-O 20.Rfe1 f6 21.Qa3 Rfd8 22.Rac1 e5
23.Rc7 Bc6 24.Bd2 Qxd6 25.Qa5 Rd7 26.Rxd7 Bxd7 27.Rc1 Rc8 28.Rxc8+ Bxc8 29.Bb4 Qd7
30.Qc5 h6 31.h3 Bb7 32.a3 Bd5 33.f4 Kf7 34.Qf8+ Kg6 35.fxe5 fxe5 36.Bd6 Qe6
37.Qb8 Kh7 38.Qf8 Qf6  1/2-1/2

[Event "EU-chT (Women)"]
[Site "Debrecen"]
[Date "1992.??.??"]
[Round "3"]
[White "Johansson, Victoria"]
[Black "Misanovic, Vesna"]
[Result "0-1"]
[WhiteElo "2140"]
[BlackElo "2390"]

1.d4 d5 2.c4 c6 3.Nf3 Nf6 4.Nc3 e6 5.e3 Bb4 6.a3 Ba5 7.Bd3 Nbd7 8.O-O Qe7
9.b4 Bc7 10.e4 dxc4 11.Bxc4 e5 12.d5 Nb6 13.Bb3 O-O 14.dxc6 bxc6 15.Be3 Rd8
16.Qc2 Ba6 17.Rfd1 Bc4 18.Bg5 h6 19.Bh4 a5 20.Bxc4 Nxc4 21.Qb3 Nd6 22.b5 a4
23.Qc2 g5 24.Bg3 Nxb5 25.Nxb5 cxb5 26.h4 g4 27.Nh2 Bb6 28.Qe2 Qe6 29.Nf1 Qc4
30.Qxc4 bxc4 31.Bxe5 Nxe4 32.Bg3 c3 33.Re1 Re8 34.Rec1 Rad8 35.Ra2 Nxg3 36.Nxg3 Rd2
37.Rac2 Bxf2+ 38.Kh2 Bd4 39.Nf1 Ree2 40.Nxd2 cxd2 41.Rf1 Kg7  0-1

[Event "EU-chT (Men)"]
[Site "Debrecen"]
[Date "1992.??.??"]
[Round "3"]
[White "Akopian, Vladimir"]
[Black "Pinter, Jozsef"]
[Result "1/2-1/2"]
[WhiteElo "2605"]
[BlackElo "2580"]

1.d4 Nf6 2.c4 e6 3.Nf3 d5 4.Nc3 c6 5.e3 Nbd7 6.Qc2 Bd6 7.Be2 O-O 8.O-O dxc4
9.Bxc4 a6 10.Rd1 Qe7 11.a4 c5 12.dxc5 Bxc5 13.b3 b6 14.Ne4 Bb7 15.Nxc5 Nxc5
16.Bb2 Rfc8 17.Be5 h6 18.Qb2 Rd8 19.Bd4 Rac8 20.Be2 a5 21.b4 axb4 22.Qxb4 Bxf3
23.Bxf3 e5 24.Bb2 Rxd1+ 25.Rxd1 Qe8 26.Be2 Qxa4 27.Qxa4 Nxa4 28.Bxe5 Nc3
29.Ba6 Nxd1 30.Bxc8 Ne4 31.f3 Nec3 32.Ba6 b5 33.Bd4 Ne2+  1/2-1/2

[Event "EU-chT (Men)"]
[Site "Debrecen"]
[Date "1992.??.??"]
[Round "3"]
[White "Marin, Mihail"]
[Black "Kuczynski, Robert"]
[Result "1/2-1/2"]
[WhiteElo "2525"]
[BlackElo "2500"]

1.d4 d5 2.c4 c6 3.Nc3 Nf6 4.e3 e6 5.Nf3 Nbd7 6.Bd3 dxc4 7.Bxc4 b5 8.Bd3 a6
9.e4 c5 10.d5 c4 11.Bc2 Qc7 12.O-O Bb7 13.dxe6 fxe6 14.Qe2 Bd6 15.Nd4 Nc5
16.f4 e5 17.Nf5 O-O 18.Nxd6 Qxd6 19.fxe5 Qxe5 20.Rf5 Qc7 21.Bf4  1/2-1/2

[Event "EU-chT (Men)"]
[Site "Debrecen"]
[Date "1992.??.??"]
[Round "4"]
[White "Norri, Joose"]
[Black "Bryson, Douglas M"]
[Result "0-1"]
[WhiteElo "2395"]
[BlackElo "2335"]

1.d4 d5 2.c4 e6 3.Nc3 c6 4.Nf3 Nf6 5.e3 Nbd7 6.Bd3 dxc4 7.Bxc4 b5 8.Bd3 Bb7
9.e4 b4 10.Na4 c5 11.e5 Nd5 12.O-O cxd4 13.Nxd4 Nxe5 14.Bb5+ Nd7 15.Re1 Rc8
16.Qg4 Nf6 17.Qe2 Be7 18.Bg5 Bd5 19.Rad1 O-O 20.Nf5 Bc6 21.Nd6 Bxd6 22.Rxd6 Bxb5
23.Qxb5 Rb8 24.Qa6 Qc8 25.Qa5 Nd5 26.Ra6 Qc2 27.Rxa7 Ne5 28.Qc5 Qf5 29.Be7 Nd3
30.Bxf8 Nxc5 31.Bxc5 h5 32.h3 Rc8 33.Rb7 Nf4 34.Rxb4 Nd3  0-1

[Event "EU-chT (Men)"]
[Site "Debrecen"]
[Date "1992.??.??"]
[Round "4"]
[White "Costa, Jean Luc"]
[Black "Bagirov, Vladimir"]
[Result "0-1"]
[WhiteElo "2425"]
[BlackElo "2500"]

1.d4 d5 2.c4 c6 3.Nc3 Nf6 4.e3 e6 5.Nf3 Nbd7 6.Bd3 dxc4 7.Bxc4 b5 8.Bb3 b4
9.Na4 Ba6 10.Bd2 c5 11.dxc5 Nxc5 12.Nxc5 Bxc5 13.Bxe6 O-O 14.Qb3 Bb7 15.Bc4 a5
16.Rd1 Qc7 17.O-O Rad8 18.h3 Ba7 19.Bc1 Rc8 20.Be2 Bb8 21.Rfe1 Ne4 22.h4 Nf6
23.Qa4 h6 24.a3 Bc6 25.Qc2 Qb7 26.Qf5 Qc7 27.axb4 axb4 28.Bd2 Be4 29.Qb5 Bc2
30.Rc1 b3 31.Bb4 Rfe8 32.Bd3 Bxd3 33.Qxd3 Qxc1 34.Rxc1 Rxc1+ 35.Be1 Be5 36.Qxb3 Rb8
37.Qd3 Bxb2 38.Kh2 Ng4+ 39.Kh3 h5 40.Qd7 Nf6 41.Qf5 Rd8 42.Ba5 Rh1+ 43.Kg3 Re8
44.Ng5 Be5+ 45.f4 Bc3 46.e4 Bxa5 47.Qxa5 Rd1 48.Qf5 Rd3+ 49.Kf2 Red8 50.Nf3 Ng4+
51.Kg3 g6 52.Qg5 Kg7 53.f5 Re8 54.Kf4 Re3 55.f6+ Kg8 56.e5 Re6 57.Nh2 R6xe5
58.Nxg4 R5e4+  0-1

[Event "EU-chT (Men)"]
[Site "Debrecen"]
[Date "1992.??.??"]
[Round "5"]
[White "Ruzele, Darius"]
[Black "Novikov, Igor A"]
[Result "1/2-1/2"]
[WhiteElo "2340"]
[BlackElo "2580"]

1.d4 d5 2.c4 e6 3.Nc3 c6 4.e3 Nf6 5.Nf3 Nbd7 6.Bd3 dxc4 7.Bxc4 b5 8.Bd3 Bb7
9.O-O b4 10.Ne4 Be7 11.Nxf6+ Nxf6 12.Qe2 O-O 13.e4 c5 14.dxc5 Nd7 15.c6 Bxc6
16.Be3 Bb7 17.Rac1 Qa5 18.Rfd1 Nc5 19.Bxc5 Bxc5 20.e5 Bxf3 21.Qxf3 g6 22.Bc4 Rad8
23.Qe4 Qb6 24.Qe2 Rd4 25.g3 Rfd8 26.Bb3 Rxd1+ 27.Rxd1 Rxd1+ 28.Bxd1 Bd4 29.b3 Qc5
30.h4 Bxe5 31.Kg2 Bd4 32.Bc2 Kg7 33.Bd3 Qc3 34.Bb1 Bb6 35.h5 Qd4 36.hxg6 hxg6
37.g4 Qf4 38.Bc2 Kh6 39.Bd1 Kg5 40.Qf3 e5 41.Be2 f6 42.Bd1 Qd2 43.Qe2 Qxe2
44.Bxe2 Kf4 45.Kf1 e4 46.Ke1 Bd4 47.Bd1 Bc3+ 48.Kf1 Bb2 49.Ke1 Bd4 50.Kf1 Bc5
51.Bc2 Ke5 52.Ke2 Bf8 53.Bb1 Kd4 54.Kd1 Bh6 55.f3 f5 56.gxf5 gxf5 57.Bc2 Ke3
58.fxe4 fxe4 59.Bb1 Kd4 60.Bc2 Bf4 61.Bb1 a5 62.Bc2 e3 63.Bg6 Kc3 64.Bf7 Kb2
65.Be6 Kxa2 66.Bf7 Ka3 67.Be6 a4 68.bxa4 Kxa4 69.Bf7 Ka3 70.Be6 b3 71.Bf5 Kb2
72.Be6  1/2-1/2

[Event "EU-chT (Men)"]
[Site "Debrecen"]
[Date "1992.??.??"]
[Round "6"]
[White "Hracek, Zbynek"]
[Black "Bagirov, Vladimir"]
[Result "1/2-1/2"]
[WhiteElo "2460"]
[BlackElo "2500"]

1.d4 d5 2.c4 c6 3.Nc3 Nf6 4.e3 e6 5.Nf3 Nbd7 6.Bd3 dxc4 7.Bxc4 b5 8.Bd3 Bb7
9.O-O a6 10.e4 c5 11.d5 Qc7 12.Qe2 c4 13.Bc2 Bd6 14.Bg5 O-O-O 15.dxe6 fxe6
16.Nd4 Qb6 17.Nxe6 Bxh2+ 18.Kxh2 Qxe6 19.Kg1 h6 20.Be3 Ng4 21.b3 h5 22.f3 Nxe3
23.Qxe3 Qb6 24.Qxb6 Nxb6 25.b4 g5 26.Rad1 Kc7 27.Kf2 h4 28.Ke3 Rdf8 29.a4 bxa4
30.Nxa4 h3 31.gxh3 Rxh3 32.Nxb6 Kxb6 33.Rd6+ Kb5 34.Rg6 Rg3 35.Bd1 Rf7 36.Rh1 Kxb4
37.Rb6+ Kc5 38.Rxb7 Rxb7 39.Kf2 Rb1 40.Kxg3 c3 41.Kg2 Rb2+  1/2-1/2

[Event "EU-chT (Men)"]
[Site "Debrecen"]
[Date "1992.??.??"]
[Round "7"]
[White "Miles, Anthony J"]
[Black "Novikov, Igor A"]
[Result "1-0"]
[WhiteElo "2565"]
[BlackElo "2580"]

1.d4 d5 2.c4 e6 3.Nf3 Nf6 4.Nc3 c6 5.e3 Nbd7 6.Qc2 Bd6 7.Be2 O-O 8.O-O Re8
9.Rd1 Qe7 10.b3 b6 11.e4 dxe4 12.Nxe4 Nxe4 13.Qxe4 Bb7 14.Bf4 Bxf4 15.Qxf4 Nf8
16.Rd2 c5 17.dxc5 Qxc5 18.Rad1 Re7 19.Ng5 Qc7 20.Qe3 Ree8 21.Bf3 Bxf3 22.Qxf3 e5
23.Ne4 Re6 24.Nd6 Rb8 25.h4 Qe7 26.h5 Qf6 27.Qxf6 Rxf6 28.Nb5 a5 29.Rd8 Rxd8
30.Rxd8 g5 31.Nc7 Rc6 32.Nd5 Kg7 33.Ne7 Rc7 34.Nf5+ Kf6 35.Ne3 Ne6 36.Rd6 Rb7
37.Nd5+ Kf5 38.Nxb6 Nc5 39.Nd5 e4 40.Ne3+  1-0

[Event "EU-chT (Men)"]
[Site "Debrecen"]
[Date "1992.??.??"]
[Round "8"]
[White "Herndl, Harald"]
[Black "Bryson, Douglas M"]
[Result "0-1"]
[WhiteElo "2275"]
[BlackElo "2335"]

1.d4 d5 2.Nf3 Nf6 3.c4 e6 4.Nc3 c6 5.e3 Nbd7 6.Bd3 dxc4 7.Bxc4 b5 8.Bd3 Bb7
9.O-O a6 10.e4 c5 11.d5 c4 12.dxe6 cxd3 13.exd7+ Qxd7 14.Re1 Be7 15.e5 Nd5
16.Qxd3 Nxc3 17.Qxc3 O-O 18.Bg5 Rac8 19.Qe3 Bc5 20.Qf4 h6 21.Bh4 Qe6 22.Bg3 Rfd8
23.h4 Rd3 24.b3 Rcd8 25.Kh2 Bxf3 26.gxf3 Rd2 27.Kg2 Qb6 28.Qe4 Bxf2 29.Re2 Bxg3
30.Kxg3 R8d4 31.Qa8+ Kh7 32.Rxd2 Qg6+ 33.Kf2 Rxd2+ 34.Ke3 Qd3+ 35.Kf4 Re2
36.Qa7 Qc3 37.Qg1 Qxe5+ 38.Kg4 h5+ 39.Kh3 Qf5+ 40.Kg3 Qg6+ 41.Kh3 Qxg1 42.Rxg1 Rxa2
43.b4 Ra4 44.Rb1 Kg6  0-1

[Event "DEN-ch"]
[Site "?"]
[Date "1992.??.??"]
[Round "3"]
[White "Hoi, Carsten"]
[Black "Rasmussen, Karsten"]
[Result "1-0"]
[WhiteElo "2445"]
[BlackElo "2450"]

1.d4 d5 2.c4 c6 3.Nf3 Nf6 4.Nc3 e6 5.e3 Nbd7 6.Bd3 dxc4 7.Bxc4 b5 8.Bd3 Bb7
9.O-O a6 10.e4 c5 11.d5 exd5 12.exd5 Bd6 13.Re1+ Kf8 14.Nh4 Qc7 15.Nf5 Bxh2+
16.Kh1 Be5 17.Be4 h5 18.d6 Qb8 19.Qf3 Bxe4 20.Nxe4 g6 21.Ne7 Kg7 22.Nc6 Qe8
23.Nxf6 Bxf6 24.Rxe8 Rhxe8 25.Bf4 Bxb2 26.Rb1 Bf6 27.Ne7 Bd4 28.Qb7 Nf6 29.Nc6 Bxf2
30.Be5 Bd4 31.Nxd4 Rab8 32.Bxf6+  1-0

[Event "DEN-ch"]
[Site "?"]
[Date "1992.??.??"]
[Round "7"]
[White "Danielsen, Henrik"]
[Black "Hansen, Lars Bo"]
[Result "1-0"]
[WhiteElo "2415"]
[BlackElo "2530"]

1.d4 d5 2.c4 c6 3.Nc3 Nf6 4.e3 e6 5.Nf3 Nbd7 6.Qc2 Bd6 7.Be2 O-O 8.O-O dxc4
9.Bxc4 a6 10.Rd1 Qc7 11.Ne4 Nxe4 12.Qxe4 Be7 13.Bd2 b5 14.Bd3 g6 15.Rac1 Bb7
16.Qg4 Qb6 17.b4 a5 18.bxa5 Rxa5 19.Bxa5 Qxa5 20.Qf4 c5 21.dxc5 Bxf3 22.Qxf3 Nxc5
23.Bf1 b4 24.Bc4 Qb6 25.g3 Rc8 26.h4 h5 27.Rd4 Bf8 28.Bb3 Bg7 29.Qf4 Bf8
30.Rd7 Nxd7 31.Rxc8 Qb5 32.Rd8 Ne5 33.Bxe6 Qb6 34.Rd5 Qxe6 35.Qxe5 Qc6 36.Rd8 Qc1+
37.Kg2 Qc6+ 38.Qd5  1-0

[Event "DEN-chT 9293"]
[Site "Denmark"]
[Date "1992.??.??"]
[Round "1"]
[White "Hamann, Svend"]
[Black "Kristensen, Kaare"]
[Result "1/2-1/2"]
[WhiteElo "2365"]
[BlackElo "2315"]

1.c4 e6 2.Nc3 d5 3.d4 c6 4.e3 Nf6 5.Nf3 Nbd7 6.Bd3 dxc4 7.Bxc4 b5 8.Bd3 a6
9.O-O Bb7 10.e4 c5 11.d5 exd5 12.exd5 Be7 13.d6 Bxd6 14.Bxb5 Be7 15.Bd3 Bxf3
16.gxf3 O-O 17.Re1 Nb6 18.Qe2 Re8 19.Bg5 h6 20.Bxf6 Bxf6 21.Qxe8+ Qxe8 22.Rxe8+ Rxe8
23.Bxa6 Ra8 24.Bb5 Bxc3 25.bxc3 Ra3 26.c4 Na4 27.Kf1 Kh7 28.Be8 Kg6 29.Rd1 Rxa2
30.Rd7 Nb2 31.Bxf7+ Kf6 32.Bd5 Nd3 33.h4 g5 34.Rd6+ Ke5 35.Rxh6 Nf4 36.Kg1 Nxd5
37.cxd5 gxh4 38.d6 Rd2 39.Rxh4 Kxd6 40.Kf1 Kd5  1/2-1/2

[Event "DEN-chT 9293"]
[Site "Denmark"]
[Date "1992.??.??"]
[Round "3"]
[White "Jelling, Erik"]
[Black "Hamann, Svend"]
[Result "1/2-1/2"]
[WhiteElo "2400"]
[BlackElo "2365"]

1.d4 d5 2.c4 c6 3.e3 Nf6 4.Nc3 e6 5.Nf3 Nbd7 6.Be2 Bd6 7.O-O O-O 8.Qc2 dxc4
9.Bxc4 Qe7 10.e4 e5 11.Re1 exd4 12.e5 Nxe5 13.Nxe5 dxc3 14.Nf3 Qc7 15.Qxc3 Bf5
16.h3 Rfe8 17.Rxe8+ Rxe8 18.Be3 Be6 19.Bxe6 fxe6 20.Bc5 Nd5 21.Qa3 Bxc5 22.Qxc5 b6
23.Qc4 c5 24.Re1 Qd6 25.a3 Nc7 26.Qe4 Nd5 27.Qc4 h6 28.Re5 Rf8 29.Qe4 Nf4
30.h4 Rf6 31.Qa8+ Qf8 32.Qe4 Qd6 33.Qa8+ Qf8 34.Qe4 Qf7 35.Qa8+ Kh7 36.Qe4+ Qg6
37.Qxg6+ Rxg6 38.g3 Nd3 39.Re2 Rf6 40.Kg2 Kg8 41.b3 b5 42.Ne5 Nc1 43.Re3 Rf5
44.Nc6 Kf8 45.Rc3 Ne2  1/2-1/2

[Event "Doha op"]
[Site "Doha"]
[Date "1992.??.??"]
[Round "1"]
[White "Kuzmin, Alexey"]
[Black "Yasseen, Aly"]
[Result "1-0"]
[WhiteElo "2545"]
[BlackElo "2305"]

1.d4 d5 2.c4 e6 3.Nc3 c6 4.e3 Nf6 5.Nf3 Nbd7 6.Qc2 Bd6 7.Be2 O-O 8.O-O Re8
9.Rd1 Qc7 10.c5 Be7 11.e4 dxe4 12.Nxe4 b6 13.Bg5 Nxe4 14.Bxe7 Rxe7 15.Qxe4 bxc5
16.Rac1 Nf6 17.Qc2 cxd4 18.Nxd4 Bb7 19.Nxc6 Qxc6 20.Qxc6 Bxc6 21.Rxc6 Rb8
22.b3 Kf8 23.Bc4 Reb7 24.Ra6 Ke7 25.f3 Nd7 26.Rd2 Rc8 27.Kf2 Nb6 28.Be2 Nd5
29.g3 Rcc7 30.f4 Rb6 31.Ra5 Rb4 32.Bf3 Nf6 33.Ke3 Nd7 34.Ke2 f6 35.Kd1 e5
36.Rc2 Rd4+ 37.Kc1 Rxc2+ 38.Kxc2 e4 39.Bg4 e3 40.Kc3 Rd6 41.Rxa7 f5 42.Bf3 Ke6
43.Ra5 g5 44.Be2 gxf4 45.gxf4 Rd2 46.Bd3 Kd6 47.Bxf5 Nb6 48.Be4 Rd1 49.Bf3 Rf1
50.Rb5 Nd7 51.Be2 Rxf4 52.Kd3 Rf2 53.Rh5 Nf6 54.Rh6 Ke5 55.Kxe3 Rf4 56.Bf3 Rb4
57.Rh3 Kf5 58.Rg3 h5 59.Rg2 Rb8 60.Rc2 Re8+ 61.Kf2  1-0

[Event "Doha op"]
[Site "Doha"]
[Date "1992.??.??"]
[Round "7"]
[White "Husari, Sate"]
[Black "Reefat bin Satter"]
[Result "1-0"]
[WhiteElo "2205"]
[BlackElo "2335"]

1.c4 c6 2.d4 d5 3.Nc3 Nf6 4.e3 e6 5.Nf3 Bd6 6.Bd3 Nbd7 7.e4 dxe4 8.Nxe4 Nxe4
9.Bxe4 O-O 10.O-O c5 11.Bc2 Qc7 12.Qd3 f5 13.Re1 cxd4 14.Qxd4 e5 15.Qh4 Nf6
16.Bd2 e4 17.Nd4 a6 18.Ne2 Be6 19.b3 Rad8 20.Bf4 Qa5 21.a4 Bc5 22.Rf1 Rd7
23.Kh1 h6 24.Qg3 g5 25.Be5 Ng4 26.Bc3 Qb6 27.a5 Qa7 28.Be1 Bd6 29.Qh3 f4
30.Qh5 Be5 31.Qg6+ Kh8 32.Qxe6 Rd6 33.Qxg4 Bxa1 34.Bxe4 Rd1 35.Bc3+  1-0

[Event "Doha op"]
[Site "Doha"]
[Date "1992.??.??"]
[Round "7"]
[White "Ahmed, KM."]
[Black "Rahman, Ziaur"]
[Result "1/2-1/2"]
[WhiteElo "2335"]
[BlackElo "2380"]

1.d4 d5 2.c4 c6 3.Nf3 Nf6 4.e3 e6 5.Nc3 Nbd7 6.Qc2 Bd6 7.g4 Qe7 8.g5 Nh5
9.Bd2 b6 10.O-O-O Bb7 11.cxd5 cxd5 12.Kb1 O-O 13.Bd3 g6 14.e4 Rfc8 15.exd5 exd5
16.Rhe1 Qd8 17.Qb3 Bf8 18.h4 b5 19.Ne5 Nxe5 20.dxe5 b4 21.Ne2 a5 22.Rc1 a4
23.Qd1 Rxc1+ 24.Bxc1 Bc5 25.f4 Qc7 26.f5 Re8 27.Nf4 Rxe5 28.Nxh5 gxh5 29.Rxe5 Qxe5
30.Qxa4 Bf8 31.f6 d4 32.Qc2 h6 33.gxh6 Qxf6 34.h7+ Kh8 35.Qe2 Qe6 36.Qf2 Bg7
37.Qf4 Ba6 38.Qb8+ Qc8 39.Qxc8+ Bxc8 40.Bd2 b3 41.axb3 f5 42.Be2 Kxh7 43.Bxh5 Bb7
44.Kc1 Be5 45.Kd1 Bg3 46.Bg5 Be4  1/2-1/2

[Event "Doha op"]
[Site "Doha"]
[Date "1992.??.??"]
[Round "9"]
[White "Mahmud, Syarif"]
[Black "Yasseen, Aly"]
[Result "1-0"]
[WhiteElo "2340"]
[BlackElo "2305"]

1.d4 d5 2.c4 c6 3.Nc3 e6 4.e3 Nf6 5.Nf3 Nbd7 6.Qc2 Bd6 7.Be2 O-O 8.O-O Re8
9.Rd1 Qe7 10.e4 Nxe4 11.Nxe4 dxe4 12.Qxe4 e5 13.dxe5 Nxe5 14.Nxe5 Qxe5 15.Qxe5 Bxe5
16.Bd3 Bg4 17.f3 Bh5 18.Rb1 Rad8 19.Be3 Bg6 20.Bxg6 hxg6 21.Kf2 b5 22.cxb5 cxb5
23.Bxa7 Ra8 24.Bd4 Bxd4+ 25.Rxd4 Rxa2 26.Rd5 Rb8 27.Ke3 b4 28.Kd3 b3 29.Rd4 Ra7
30.Rc1 Re7 31.Rcc4 Re1 32.Rb4 Rbe8 33.Re4 Rd1+ 34.Kc3 Red8 35.Red4 Rc8+ 36.Kxb3 Rg1
37.Rd2  1-0

[Event "Dortmund op-A"]
[Site "Dortmund"]
[Date "1992.??.??"]
[Round "1"]
[White "Krasenkow, Michal"]
[Black "Nogly, Christoph"]
[Result "1-0"]
[WhiteElo "2495"]
[BlackElo "2255"]

1.d4 d5 2.c4 c6 3.Nc3 Nf6 4.e3 e6 5.Nf3 Nbd7 6.Qc2 Bd6 7.Be2 O-O 8.O-O dxc4
9.Bxc4 a6 10.a4 c5 11.Rd1 Qc7 12.Qe2 b6 13.h3 Bb7 14.b3 cxd4 15.exd4 Nd5
16.Ne4 Be7 17.Bd2 N7f6 18.Ng3 Nf4 19.Bxf4 Qxf4 20.Ne5 Nd5 21.Bxd5 Bxd5 22.Nd7 Bxb3
23.Rdb1 Qxd4 24.Nxf8 Kxf8 25.Qg4 Bc5 26.Ne4 f5 27.Qf3 Bd5 28.Nxc5 bxc5 29.Qa3 Kf7
30.Rd1 Qe4 31.f3 Qb4 32.Qe3 Rc8 33.Rab1 Qxa4 34.Rxd5 Rc7 35.Rxc5  1-0

[Event "Dortmund op-A"]
[Site "Dortmund"]
[Date "1992.??.??"]
[Round "3"]
[White "Halasz, Tamas"]
[Black "Namyslo, Holger"]
[Result "1-0"]
[WhiteElo "2400"]
[BlackElo "2225"]

1.d4 e6 2.Nf3 d5 3.c4 Nf6 4.Nc3 c6 5.e3 Nbd7 6.Bd3 dxc4 7.Bxc4 b5 8.Bd3 a6
9.e4 c5 10.e5 cxd4 11.Nxb5 Nxe5 12.Nxe5 axb5 13.Bxb5+ Bd7 14.Nxd7 Qa5+ 15.Bd2 Qxb5
16.Nxf8 Kxf8 17.b3 Ke7 18.a4 Qe5+ 19.Qe2 Qd5 20.O-O Rhc8 21.Bb4+ Ke8 22.Qb2 Rab8
23.Qa3 Nd7 24.a5 f6 25.a6 Kf7 26.a7 Ra8 27.Bd6 Rc3 28.Rfb1 e5 29.Qb4 Rc6
30.Bb8 Rb6 31.Qc4 Qxc4 32.bxc4 Rc6 33.Rb7 Ke6 34.Kf1 Ke7 35.Ra5 Ke8 36.Rd5 Nb6
37.Rd6 Rxd6 38.Bxd6 Nc8 39.Bc5 Nxa7 40.Bxa7 Rc8 41.c5 g6 42.Rxh7 Rc6 43.Bb6 e4
44.Rc7 Re6 45.c6 d3 46.Rc8+ Kf7 47.Ke1 f5 48.c7 Rc6 49.Rb8  1-0

[Event "Dortmund op-A"]
[Site "Dortmund"]
[Date "1992.??.??"]
[Round "5"]
[White "Halasz, Tamas"]
[Black "Bouton, Christophe"]
[Result "1/2-1/2"]
[WhiteElo "2400"]
[BlackElo "2220"]

1.d4 d5 2.c4 c6 3.Nf3 Nf6 4.e3 e6 5.Nc3 Nbd7 6.Bd3 dxc4 7.Bxc4 b5 8.Bd3 Bb7
9.e4 b4 10.Na4 Be7 11.O-O O-O 12.Qc2 g6 13.e5 Nd5 14.Bh6 Re8 15.Qd2 Qa5 16.b3 c5
17.dxc5 Nxc5 18.Nxc5 Bxc5 19.h4 Nc3 20.Ng5 Bf8 21.Qf4 Qc7 22.Bxf8 Rxf8 23.Qxb4 a5
24.Qd4 Rfd8 25.Qe3 h6 26.Nh3 Rxd3 27.Qxd3 Qxe5 28.Rfe1 Qf6 29.Qe3 Kg7 30.Nf4 Rd8
31.Rac1 Nd5 32.Nxd5 Bxd5 33.Qc3 Qxc3 34.Rxc3 Rb8 35.f3 Rb4 36.g3 g5 37.hxg5 hxg5
38.Kf2 g4 39.f4 Rd4 40.Ke3 Rb4 41.Rd3 Rb8 42.Rc1 Rh8 43.Rc5 Rh3 44.Rcxd5 exd5
45.Kd4 Rh2 46.a3 Kf6 47.Kxd5 Ra2 48.a4 Rc2 49.Kd4 Kf5 50.Rc3 Rd2+ 51.Kc5 Ke4
52.Kb6 Rd5 53.b4 axb4 54.Rb3 Rd3 55.Rxb4+ Kf3 56.a5 Kxg3 57.a6 Ra3 58.a7 f5
59.Rc4 Rxa7 60.Kxa7 Kf3 61.Kb6 g3 62.Rc8 Kxf4 63.Rg8 Kf3 64.Kc5 f4 65.Kd4 Kg2
66.Ke4 f3 67.Kf4 f2 68.Rxg3+ Kh2 69.Rf3 Kg2 70.Ke3 f1=Q 71.Rxf1 Kxf1  1/2-1/2

[Event "Dortmund op-A"]
[Site "Dortmund"]
[Date "1992.??.??"]
[Round "6"]
[White "Stohl, Igor"]
[Black "Sakaev, Konstantin"]
[Result "1-0"]
[WhiteElo "2560"]
[BlackElo "2500"]

1.d4 d5 2.Nf3 Nf6 3.c4 c6 4.Nc3 e6 5.e3 Nbd7 6.Bd3 dxc4 7.Bxc4 b5 8.Bd3 Bb7
9.e4 b4 10.Na4 c5 11.e5 Nd5 12.O-O cxd4 13.Re1 g6 14.Bd2 Bg7 15.Bb5 a6 16.Nc5 axb5
17.Nxb7 Qb6 18.Nd6+ Ke7 19.Ng5 Rhf8 20.Nxh7 Bxe5 21.Nxf8 Kxf8 22.Ne4 Bg7
23.Qb3 Ra4 24.Rac1 Qb8 25.Nc5 Nxc5 26.Rxc5 Be5 27.Rec1 Bxh2+ 28.Kh1 Qe5 29.Qh3 Bf4
30.Rxd5 exd5 31.Bxf4 Qxf4 32.Qh8+ Ke7 33.Re1+ Kd7 34.Qe8+ Kc7 35.Re7+  1-0

[Event "Dortmund op-A"]
[Site "Dortmund"]
[Date "1992.??.??"]
[Round "7"]
[White "Pekarek, Ales"]
[Black "Nogly, Christoph"]
[Result "1-0"]
[WhiteElo "2455"]
[BlackElo "2255"]

1.d4 d5 2.Nf3 Nf6 3.c4 c6 4.e3 e6 5.Nc3 Nbd7 6.Bd3 dxc4 7.Bxc4 b5 8.Bd3 a6
9.e4 c5 10.d5 c4 11.Bc2 Nc5 12.Bg5 b4 13.Ne2 exd5 14.e5 h6 15.Be3 Nfe4 16.O-O Bb7
17.Nfd4 Qe7 18.f3 Nf6 19.Nf5 Qxe5 20.Bf4 Qxb2 21.Nd6+ Bxd6 22.Bxd6 Nfd7 23.Nf4 Ne6
24.Re1 O-O-O 25.Nxe6 fxe6 26.Rb1 Qf6 27.Bxb4 Ne5 28.Ba5 Nc6 29.Bxd8 Rxd8
30.Kh1 Kc7 31.Ba4 h5 32.Qe2 h4 33.h3 Nd4 34.Qb2 Nb5 35.Qb4 Qf8 36.Qa5+ Kc8
37.Bxb5 axb5 38.Qxb5 Rd7 39.Rxe6 Qf7 40.Rc6+ Kd8 41.Re1  1-0

[Event "Dortmund"]
[Site "Dortmund"]
[Date "1992.??.??"]
[Round "8"]
[White "Adams, Michael"]
[Black "Kasparov, Gary"]
[Result "0-1"]
[WhiteElo "2620"]
[BlackElo "2780"]

1.d4 d5 2.c4 e6 3.Nc3 c6 4.e3 Nf6 5.Nf3 Nbd7 6.Qc2 Bd6 7.g4 dxc4 8.e4 e5
9.g5 exd4 10.Nxd4 Ng4 11.h3 Nge5 12.Be3 Nc5 13.O-O-O Ned3+ 14.Kb1 Qe7 15.Rg1 g6
16.Bg2 O-O 17.Ka1 Bf4 18.Bxf4 Nxf4 19.h4 Rd8 20.Qd2 Ncd3 21.Qe3 Bg4 22.Rd2 Qe5  0-1

[Event "Dortmund op-A"]
[Site "Dortmund"]
[Date "1992.??.??"]
[Round "9"]
[White "Vokac, Marek"]
[Black "Slobodjan, Roman"]
[Result "0-1"]
[WhiteElo "2450"]
[BlackElo "2315"]

1.d4 d5 2.c4 c6 3.Nc3 e6 4.e3 Nf6 5.Nf3 Nbd7 6.Be2 Bd6 7.Qc2 dxc4 8.Bxc4 Qe7
9.O-O O-O 10.h3 c5 11.dxc5 Bxc5 12.e4 Bd6 13.Re1 Ne5 14.Nxe5 Bxe5 15.a4 Rd8
16.b3 Bd7 17.Ba3 Qe8 18.f4 Bxf4 19.e5 Bc6 20.Re2 Nd5 21.Nxd5 Bxd5 22.Bb5 Bc6
23.Bd3 g6 24.Rf1 Bg5 25.Bc4 Rac8 26.Bd6 Bd5 27.Qd3 Be7 28.Ref2 Bxd6 29.exd6 Rxd6
30.Qd4 Bxc4 31.Qxd6 Bxf1 32.Rxf1 Qc6 33.Qd3 e5 34.Kh1 a6 35.Qe3 Qd5 36.Re1 Re8
37.Re2 e4 38.Rd2 Qe6 39.Rd4 Kg7 40.Rc4 Qe5 41.Rc5 Qd6 42.Qc3+ Qf6 43.Qe3 h5
44.a5 Re7 45.b4 Qb2 46.Rc4 Qe5 47.Rc5 Qd6 48.b5 axb5 49.Rxb5 Rc7 50.Rb6 Qe5
51.Rb4 Rc3 52.Qe1 e3 53.Rxb7 Ra3 54.Rb1 Rxa5 55.Qg1 Ra2 56.Re1 Rf2 57.Qh2 Qc3
58.Qg1 h4 59.Kh2 Qe5+ 60.Kh1 Qf4  0-1

[Event "Dresden op"]
[Site "Dresden"]
[Date "1992.??.??"]
[Round "?"]
[White "Schwarz, Michael"]
[Black "Dobrovolsky, Ladislav"]
[Result "1/2-1/2"]
[WhiteElo "2380"]
[BlackElo "2390"]

1.d4 d5 2.Nf3 Nf6 3.c4 c6 4.Nc3 e6 5.e3 Nbd7 6.Bd3 Bd6 7.O-O O-O 8.e4 dxe4
9.Nxe4 Nxe4 10.Bxe4 e5 11.dxe5 Nxe5 12.Nxe5 Bxe5 13.Bxh7+ Kxh7 14.Qh5+ Kg8
15.Qxe5 Qd3 16.b3 f6 17.Qf4 Bf5 18.Re1 Rad8 19.Be3 b6 20.Qf3 Be4 21.Qd1 Qc3
22.Qg4 Rfe8 23.h4  1/2-1/2

[Event "Dubai Asian Cities"]
[Site "Dubai"]
[Date "1992.??.??"]
[Round "5"]
[White "De Guzman, Ricardo"]
[Black "Butt, Dastgir"]
[Result "1-0"]
[WhiteElo "2390"]
[BlackElo "2345"]

1.d4 d5 2.c4 e6 3.Nc3 Nf6 4.Nf3 c6 5.e3 Bd6 6.Bd3 Nbd7 7.O-O O-O 8.e4 dxe4
9.Nxe4 Nxe4 10.Bxe4 h6 11.Re1 Nf6 12.Bc2 b6 13.Ne5 Bb7 14.Qf3 Rc8 15.Bf4 Qe7
16.Qh3 Bxe5 17.dxe5 Ne8 18.Qd3 f5 19.exf6 Nxf6 20.Bd6 Qf7 21.Bxf8 Rxf8 22.Qg6 Qe7
23.Re3 c5 24.Rae1 Bc8 25.Rg3 Qc7 26.Ree3 h5 27.Ref3 Qe7 28.Rxf6  1-0

[Event "Wch U18"]
[Site "Duisburg"]
[Date "1992.??.??"]
[Round "6"]
[White "Zoler, Dan"]
[Black "Sakaev, Konstantin"]
[Result "1/2-1/2"]
[WhiteElo "2370"]
[BlackElo "2540"]

1.d4 d5 2.c4 e6 3.Nc3 c6 4.e3 Nf6 5.Nf3 Nbd7 6.Qc2 Bd6 7.b3 O-O 8.Be2 Re8
9.O-O Qe7 10.Bb2 dxc4 11.bxc4 e5 12.Rfe1 e4 13.Nd2 Nf8 14.Nf1 Bf5 15.a4 h5
16.Qb3 a6 17.Ba3 c5 18.dxc5 Bxc5 19.Nd5 Nxd5 20.Bxc5 Qxc5 21.cxd5 Bg4 22.Bxg4 hxg4
23.Qxb7 Reb8 24.Qc6 Qxc6 25.dxc6 Rb6 26.Rec1 Rc8 27.Ng3 Rbxc6 28.Rxc6 Rxc6
29.Nxe4 Rc4 30.Nd6 Rb4 31.Kf1 Ne6 32.Ra2 Kf8 33.Ke2 Ke7 34.Nf5+ Kf6 35.Ng3 a5
36.Kd2 Ke5 37.Ne2 Nc5 38.Nc3 Ne4+ 39.Nxe4 Kxe4 40.Kc3 Ke5 41.f3 gxf3 42.gxf3 g6
43.Kd3 Kd5 44.Ra3 g5 45.Ra2 f6  1/2-1/2

[Event "Wch U18"]
[Site "Duisburg"]
[Date "1992.??.??"]
[Round "10"]
[White "Theissen, Henning"]
[Black "Barkhagen, Jonas"]
[Result "0-1"]
[WhiteElo "2300"]
[BlackElo "2405"]

1.Nf3 d5 2.c4 c6 3.d4 e6 4.e3 Nf6 5.Nc3 Nbd7 6.Qc2 Bd6 7.b3 O-O 8.Be2 e5
9.cxd5 cxd5 10.dxe5 Nxe5 11.Bb2 Bg4 12.Nxe5 Bxe5 13.Bxg4 Nxg4 14.h3 Nxe3
15.fxe3 Qh4+ 16.g3 Bxg3+ 17.Kf1 Rac8 18.Qf5 g6 19.Qf3 Be5 20.Rc1 Rc6 21.Qg2 Rfc8
22.Ke2 Bxc3 23.Bxc3 Rxc3 24.Rxc3 Rxc3 25.Qxd5 Qe7 26.Qd4 Qc7 27.h4 Rc2+ 28.Kf3 Qc8
29.h5 Qf5+ 30.Qf4 Qd5+ 31.e4 Qd3+ 32.Kg4 Rg2+ 33.Kh4  0-1